| 000 | 00993nam a2200253 i 4500 | ||
|---|---|---|---|
| 001 | bgj | ||
| 245 | 0 | 0 |
_aInformation seeking : _bbasing services on users' behaviors : proceedings of the twenty-fourth annual symposium of the graduate alumni and faculty of the Rutgers School of Communication, Information, and Library Studies, 10 April 1986 / _cJana Varlejs, editor. |
| 260 |
_aJefferson, NC ; _aLondon : _bMcFarland & Company, Inc., _cc. 1987. |
||
| 300 |
_aIX, 84 pp : _bgraphs ; _c22 cm. |
||
| 505 | _aBibliography after each chapter. | ||
| 650 | 9 | _aLibrary science | |
| 650 | 9 | _aLibraries and readers | |
| 650 | 9 | _aLibrary orientation | |
| 650 | 9 | _aInformation retrieval | |
| 655 | _aCongresses | ||
| 700 | 1 |
_aVARLEJS, Jana. _eeditor |
|
| 710 | p | 0 | _aRutgers University. School of Communication, Information, and Library Studies |
| 020 | _a0899502547 | ||
| 040 | _cBPK | ||
| 041 | 0 | _aeng | |
| 920 | _a089950-254-7 | ||
| 942 | _cKS | ||
| 008 | s uk f |000 0 eng | ||
| 999 |
_c47905 _d47905 |
||